Movies Quiz

Random Movies or Actor Quiz

What Movie? Actor Pairings III Quiz Stats

Quiz Updated Dec 27, 2016

Challenge
Share
Tweet
Embed
Score 0/45 Timer 09:00
0 Plays Today
Actor Movies % Correct
Kevin CostnerField of Dreams
70.8%
Harrison FordThe Fugitive
70%
Ben AffleckGood Will Hunting
64%
Gary OldmanThe Dark Knight
62.1%
Michael DouglasFatal Attraction
59.8%
Michael DouglasBasic Instinct
59%
Will FerrellElf
56.3%
Harrison FordIndiana Jones and the Last Crusade
55.8%
Kevin CostnerBull Durham
54.2%
Ben AffleckPearl Harbor
46.3%
George ClooneyGravity
44.4%
Harrison FordBlade Runner
43.2%
Will FerrellBlades of Glory
43%
George ClooneyBatman & Robin
41.3%
John CusackGrosse Pointe Blank
40%
Gary OldmanLéon: The Professional
38.1%
Kevin CostnerThe Untouchables
37.7%
George ClooneyOcean's Thirteen
35.8%
Hugh JackmanVan Helsing
35.5%
Ben AffleckThe Town
33%
Hugh JackmanSwordfish
32.4%
Hugh JackmanKate & Leopold
31.8%
George ClooneyOut of Sight
30.8%
Actor Movies % Correct
George ClooneyThe Ides of March
29.5%
Michael DouglasThe Game
28.9%
Harrison FordWhat Lies Beneath
25.3%
Will FerrellStranger Than Fiction
23.3%
Will FerrellThe Campaign
21.7%
Gary OldmanLost in Space
20.9%
Hugh JackmanPrisoners
20.7%
Kevin CostnerJFK
18.8%
Ben AffleckThe Sum of All Fears
18.4%
John CusackCon Air
17.5%
Harrison FordThe Devil's Own
15.6%
Ben AffleckPaycheck
12.4%
John CusackBeing John Malkovich
12.3%
Michael DouglasFalling Down
11.1%
Gary OldmanHannibal
10.6%
John CusackIdentity
10.5%
Hugh JackmanThe Fountain
10.3%
Gary OldmanThe Book of Eli
10.3%
Will FerrellEverything Must Go
8.8%
Michael DouglasWonder Boys
8.2%
Kevin CostnerMr. Brooks
6.4%
John CusackReclaim
2.6%

You're not logged in!

Compare scores with friends on all Sporcle quizzes.
Join for Free
OR
Log In

You Might Also Like...

Show Comments

Extras

Top Quizzes Today


Score Distribution

Your Account Isn't Verified!

In order to create a playlist on Sporcle, you need to verify the email address you used during registration. Go to your Sporcle Settings to finish the process.

Report this User

Report this user for behavior that violates our Community Guidelines.

Details: